|
|
|
|
| LEADER |
02473nam a2200601 i 4500 |
| 001 |
nkc20172940444 |
| 003 |
CZ PrNK |
| 005 |
20210310235020.0 |
| 007 |
ta |
| 008 |
171016t20172017xr ac e 001 0dcze |
| 020 |
|
|
|a 978-80-7404-236-2
|q (brožováno)
|
| 040 |
|
|
|a ABA001
|b cze
|e rda
|
| 041 |
1 |
|
|a cze
|a eng
|h cze
|
| 043 |
|
|
|a e-xr---
|b e-xr-pg
|2 czenas
|
| 045 |
|
|
|a y1y2
|
| 072 |
|
7 |
|a 78
|x Hudba
|2 Konspekt
|9 9
|
| 080 |
|
|
|a 7.097.079
|2 MRF
|
| 080 |
|
|
|a 78.079
|2 MRF
|
| 080 |
|
|
|a 793.3.079
|2 MRF
|
| 080 |
|
|
|a (437.311)
|2 MRF
|
| 080 |
|
|
|a (083.97)
|2 MRF
|
| 111 |
2 |
|
|a Zlatá Praha (festival)
|n (54. :
|d 2017 :
|c Praha, Česko)
|7 ko2017967764
|4 aut
|
| 245 |
1 |
0 |
|a Golden Prague :
|b 54 : international television festival Golden Prague, September 27-30, 2017, Prague - The New Stage of the National Theatre and other places : catalogue
|
| 246 |
1 |
|
|i Název v tiráži:
|a Catalogue :
|b 54th ITF Golden Prague
|
| 246 |
3 |
|
|a Golden Prague 2017
|
| 246 |
1 |
8 |
|a 54th international television festival Golden Prague
|
| 264 |
|
1 |
|a [Praha] :
|b Česká televize,
|c [2017]
|
| 264 |
|
4 |
|c ©2017
|
| 300 |
|
|
|a 122 stran :
|b ilustrace, portréty ;
|c 30 cm
|
| 336 |
|
|
|a text
|b txt
|2 rdacontent
|
| 337 |
|
|
|a bez média
|b n
|2 rdamedia
|
| 338 |
|
|
|a svazek
|b nc
|2 rdacarrier
|
| 500 |
|
|
|a Obsahuje rejstříky
|
| 546 |
|
|
|a Český text souběžně anglicky
|
| 611 |
2 |
7 |
|a Zlatá Praha (festival)
|n (54. :
|d 2017 :
|c Praha, Česko)
|7 ko2017967764
|2 czenas
|
| 648 |
|
7 |
|a 2011-2020
|7 ch460589
|2 czenas
|
| 648 |
|
7 |
|a 2017
|7 ch1095534
|2 czenas
|
| 650 |
0 |
7 |
|a televizní festivaly
|7 ph126509
|z Česko
|y 2011-2020
|2 czenas
|
| 650 |
0 |
7 |
|a hudební festivaly
|7 ph114723
|z Česko
|y 2011-2020
|2 czenas
|
| 650 |
0 |
7 |
|a taneční festivaly
|7 ph126434
|z Česko
|y 2011-2020
|2 czenas
|
| 650 |
0 |
9 |
|a television festivals
|z Czechia
|y 2011-2020
|2 eczenas
|
| 650 |
0 |
9 |
|a music festivals
|z Czechia
|y 2011-2020
|2 eczenas
|
| 650 |
0 |
9 |
|a dance festivals
|z Czechia
|y 2011-2020
|2 eczenas
|
| 651 |
|
7 |
|a Praha (Česko)
|7 ge118011
|2 czenas
|
| 651 |
|
9 |
|a Prague (Czechia)
|2 eczenas
|
| 655 |
|
7 |
|a programy
|7 fd133135
|2 czenas
|
| 655 |
|
9 |
|a programs
|2 eczenas
|
| 710 |
2 |
|
|a Národní divadlo v Praze.
|b Nová scéna
|7 mzk2010602291
|4 orm
|
| 856 |
4 |
1 |
|u http://www.digitalniknihovna.cz/mzk/uuid/uuid:230097d0-8ad5-11ea-a354-005056827e51
|y Digitalizovaný dokument
|x NDK
|
| 910 |
2 |
|
|a BOA001
|b 4-1398.255
|
| 990 |
|
|
|a BK
|
| 995 |
|
|
|a 11
|
| 996 |
6 |
|
|b 2610726096
|c 4-1398.255
|l MZK
|r Sklad / do 1 hodiny
|n 0
|p p.v.
|w 001640949
|u 000010
|a 1
|e BOA001
|j MZK50
|s P
|